Cultura, ciudadanía y sistema educativo : cuando la escuela adoctrina /

Cuarto volumen de la serie "Itinerario y Memoria del Bicentenario. Archivo Visual del Museo de la Educación Gabriela Mistral". El texto caracteriza el rol que ha tenido la escuela en la construcción y reproducción de las nociones de nación y ciudadanía a lo largo del tiempo.\Sus fotografías dan cuen...

Full description

Bibliographic Details
Main Author: Orellana Rivera, María Isabel
Format: Libro
Language:Spanish
Published: Sntiago, Chile Dirección de Bibliotecas Archivos y Museos, Museo de la Educación 2009
Edition:1a ed.
Series:Itinerario y Memoria del Bicentenario / Archivo visual del Museo de la Educación Gabriela Mistral
Subjects:
Online Access:Acceso electrónico al documento

MARC

LEADER 00000cam a2200000 a 4500
001 014918
003 UAHC_CL
005 20170803121208.0
008 170125s2009 cl 000 spa
020 |a 9789562442206 
040 |a UAHC_CL  |c UAHC_CL  |d UAHC_CL 
082 0 4 |a 370.983  |b O66  |2 20 
100 1 |a Orellana Rivera, María Isabel 
245 1 0 |a Cultura, ciudadanía y sistema educativo :  |b cuando la escuela adoctrina /  |c María Isabel Orellana Rivera. 
250 |a 1a ed. 
260 |b Dirección de Bibliotecas Archivos y Museos, Museo de la Educación  |a Sntiago, Chile  |c 2009 
300 |a 193 p. 
490 0 |a Itinerario y Memoria del Bicentenario / Archivo visual del Museo de la Educación Gabriela Mistral 
520 |a Cuarto volumen de la serie "Itinerario y Memoria del Bicentenario. Archivo Visual del Museo de la Educación Gabriela Mistral". El texto caracteriza el rol que ha tenido la escuela en la construcción y reproducción de las nociones de nación y ciudadanía a lo largo del tiempo.\Sus fotografías dan cuentan de ceremonias oficiales, emblemas patrios, héroes nacionales, fiestas, tradiciones, hechos históricos, ilustres personajes, visiones de progreso, instituciones republicanas, entre otros. Vestigios que permiten identificar los dispositivos a través de los cuales la escuela ha desarrollado su rol adoctrinador, construyendo, difundiendo y recreando los arquetipos de la ciudadanía. 
650 4 |a EDUCACION  |z CHILE  |x HISTORIA  |v OBRAS ILUSTRADAS 
653 |a PEDAGOGIA EN EDUCACION BASICA 
856 |u http://www.museodelaeducacion.cl/648/w3-article-25898.html  |3 Acceso electrónico al documento  |y Acceso electrónico al documento 
900 |a 370.983 ORE 
942 |c BK 
952 |0 0  |1 0  |4 0  |6 370_983000000000000_ORE  |7 0  |8 General  |9 29851  |a BC  |b BC  |c General  |d 2017-08-03  |o 370.983 ORE  |p 1388850  |r 2026-01-13 00:00:00  |t 1  |w 2017-08-03  |y BK 
999 |c 14918  |d 14918